| 000 | 00608nam a22001697a 4500 | ||
|---|---|---|---|
| 999 |
_c17556 _d17556 |
||
| 003 | AR-CdUCM | ||
| 008 | 190509b ||||| |||| 00| 0 spa d | ||
| 040 |
_aMUNICIPALIDAD PROVINCIAL DEL CUSCO _cBIBLIOTECA MUNICIPAL DEL CUSCO |
||
| 082 |
_a108 / _bB17 |
||
| 100 |
_aBalmes _937638 |
||
| 245 | _aD e las ideas / | ||
| 260 |
_aBuenos Aires : _bAguilar, _c1963. |
||
| 300 |
_a201 páginas ; _c16 cm. |
||
| 505 | _aOjeda sobre el sensualismo -- Cotejo de las ideas geométricas con las nogeométricas -- En que consiste la idea geométrica y cuales son las relaciones... | ||
| 942 |
_2ddc _cLIBROS |
||
| 945 | _awfj | ||